Statistics for Super Short Movie Titles 2 Quiz

Click here to take the quiz!

General Stats

  • This quiz has been taken 407 times
    (396 since last reset)
  • The average score is 6 of 15

Answer Stats

YearActor/ActressMovie% Correct
1976Sylvester StalloneRocky
93%
1979Sigourney WeaverAlien
80%
2001Mike Myers (voice)Shrek
76%
1990Demi MooreGhost
60%
2008Sylvester StalloneRambo
60%
1996Frances McDormandFargo
49%
1998Woody Allen (voice)Antz
44%
2006Adam SandlerClick
42%
1988Arnold SchwazeneggerTwins
37%
2003Shia LaBeoufHoles
29%
1993Sean AstinRudy
26%
1985CherMask
23%
1985Tim CurryClue
16%
1995Laura LinneyCongo
7%
2007Mako (voice)TMNT
5%

Score Distribution

Percentile by Number Answered

Percent of People with Each Score

Your Score History

You have not taken this quiz since the last reset